| 000 | 01081cam a2200205 4500 | ||
|---|---|---|---|
| 008 | 021022n2002 000 0 eng u | ||
| 035 | _a(Sirsi) u120205 | ||
| 245 | _aCity exodus feared | ||
| 260 | _c2002 | ||
| 490 |
_aRegeneration and Renewal _v18 October 2002, 3(1) |
||
| 520 | _aA report by the Barlett School of Planning fears that transport improvements particularly in rail could spark a London exodus by a new generation of 'super commuters'. This may lead to less well off families moving out of London increasing pressure on greenfield sites near to commuter stations. If families desert London's centre the government target to build 60% of new homes on brownfield land may become impossible. To obtain copies of this report t 020 7352 3885 or http://www.trg.soton.ac.uk/ For 'The Land Use Effects of the 10-year plan' http://www.trg.soton.ac.uk/itc/ | ||
| 590 | _aWB | ||
| 650 | _aTRANSPORT IMPROVEMENTS | ||
| 650 | _aSUPER COMMUTERS | ||
| 650 | _aLONDON | ||
| 650 | _aFLEXIBLE WORKING | ||
| 650 | _aBROWNFIELD SITES | ||
| 690 | _aREGENERATION | ||
| 942 | _n0 | ||
| 999 |
_c71403 _d71403 |
||